| 000 | 00479nam a22001937a 4500 | ||
|---|---|---|---|
| 003 | MPLRDC | ||
| 005 | 20220104162323.0 | ||
| 008 | 210129b ||||| |||| 00| 0 eng d | ||
| 020 | _a986-7883-11-X | ||
| 082 | _a529.25 LWL | ||
| 100 | _a刘威麟等 | ||
| 245 |
_a18个酷博士@史丹佛 _c |
||
| 250 | _a初版 | ||
| 260 |
_a台湾 _b宝瓶文化事业育限公司 _c2002 |
||
| 300 | _b平 | ||
| 490 | _aVISION. 010 | ||
| 650 | _a留学教育 | ||
| 942 |
_cBK _o529.25 LWL |
||
| 999 |
_c55909 _d55899 |
||